| 000 | 00433cam a2200181ua 4500 | ||
|---|---|---|---|
| 020 | _c1.00 | ||
| 041 |
_amal _h |
||
| 082 |
_a894.812301 _bBHA/TH |
||
| 100 | _aBhasi, Kallingal . | ||
| 245 |
_aTheekanalukal / _cKallingal Bhasi. _hTextual Documents |
||
| 250 |
_a1 / _b. |
||
| 260 |
_a : _bKalanilayam publications , _c1952. |
||
| 300 | _a103 ; . | ||
| 365 | _a1.00 | ||
| 504 | _a | ||
| 942 | _cBK | ||
| 999 |
_c12612 _d12612 |
||